Anime by Description (English name) - Statistics

General Stats
  • This quiz has been taken 1,964 times
  • The average score is 20 of 40
Answer Stats
Hint Answer % Correct
'I am merely one hell of a butler' Black Butler /
100%
This anime will never end One piece
95%
Guy has a fox in him Naruto
90%
Michael Jackson is the bad guy Demon slayer
89%
'Bankai" Bleach
82%
One for All My Hero Academia / MHA
77%
Teacher's face is a yellow grinning face emoji Assassination Classroom
74%
Pride, greed, lust, envy, gluttony, wrath, and sloth Seven deadly sins
73%
100 pushups, 100 situps, 10km run One punch man / OPM
71%
God likes apples Death Note
70%
Virtual reality turns into death game Sword Art Online / SAO
70%
RIP Sasha Attack on Titan / AOT
69%
a Midget and his brother is trapped in a suit of armour after failing in resurrecting their mother Fullmetal Alchemist / FMA / Fullmetal / Brotherhood
69%
Extremely weird cooking with sus sounds Food wars
63%
MC travels back in time to save his gf but gets into a gang Tokyo Revengers
52%
Coffee or...Humans? Tokyo Ghoul
51%
MC gets a new level system Solo levelling
49%
Mushroom hair guy with psychic powers Mob Psycho 100
48%
People have stars in their eyes Oshi no Ko / My Star
47%
Inferior version of above Boruto
45%
Family is built on lies Spy x family / Spyfamily
45%
Swordsman with a big sword Berserk
44%
Black dog or white dog, oh wait, the white dog is dead. JJK / Jujutsu Kaisen
44%
Blue hair basketballer is a phantom man Kuroko's basketball / Kuroko no Basketball
43%
Control of people with a special eye Code Geass
42%
Biggest Ego wins Blue Lock
41%
Alien enters a host body and guy gains more strength and speed Parasyte
41%
'I have no enemies.' Vinland Saga
41%
Russian champion coaches a Japanese athlete Yuri on Ice
33%
Poor war god doing jobs for a coin Noragami
31%
White hair guy and a samurai woman (executioner) Hell's paradise
28%
Guy with father issues rides a robot Neon Genesis Evangelion / Neon Genesis
25%
Overrated MC with no emotions Classroom of the Elite / COTE
23%
Suicidal maniac steals the show while annoying everyone in the show Bungo Stray Dogs / BSD
22%
Gangster does house chores The Way of the Househusband
20%
Unique artstyle with weird poses JJBA
18%
Woof Chainsaw Man / CSM
17%
People are judge by their mental state to determine if they're criminals Psycho-Pass / Psycho pass
17%
Boyfriend looks like a hooligan but isn't Horimiya
13%
Blonde hair mobster and Japanese reporter Banana Fish
11%
No matching quizzes found
Score Distribution
Percent of People with Each Score
Percentile by Number Answered
Your Score History
You have not taken this quiz